000 00857nam a22002055i 4500
001 178654
003 ES-MaACL
005 20230906220559.0
008 110609s1971 sp d |||| | spa d
080 _a618.3/.4
100 1 _aGamissans Olivé, Oriol.
_953798
245 1 3 _aEl equilibrio ácido base del líquido amniótico /
_cresumen de la tesis presentada para aspirar al grado de doctor en medicina por Oriol Gamissans Olive.
260 _aBarcelona :
_bUniversidad de Barcelona, Secretariado de Publicaciones, Intercambio Científico y Extensión Universitaria :
_bIvern,
_c1971.
300 _a10 p. :
_bil. bl. y n. ;
_c24 cm.
500 _aCub. tomada como port.
504 _aBibliografía: p. 25-33.
650 0 4 _aLíquido amniótico.
_9147082
710 2 _aUniversidad de Barcelona.
_97141
852 _aES-MaACL
_jE-15361 (60)
_xOlim P-1374
999 _c178654
_d178654